Loading...
| Literature - British | 0 | 5 | 0 | 0 | 50 | 123 | 134.20 | 0 | 0 | 0.00 | 0.00 |
| Social Science | 0 | 4 | 0 | 2 | 40 | 113 | 128.00 | 0 | 0 | 0.00 | 0.00 |
| History - European | 0 | 4 | 0 | 2 | 40 | 120 | 128.25 | 0 | 0 | 0.00 | 0.00 |
| Science - Biology | 0 | 4 | 1 | 1 | 35 | 64 | 113.00 | 1 | 1 | 0.00 | 0.00 |
| Fine Arts - Classical Music | 0 | 3 | 0 | 0 | 30 | 105 | 133.00 | 0 | 0 | 0.00 | 0.00 |
| History - American | 0 | 3 | 0 | 1 | 30 | 123 | 129.67 | 0 | 0 | 0.00 | 0.00 |
| Science - Chemistry | 0 | 3 | 0 | 1 | 30 | 82 | 101.67 | 0 | 0 | 0.00 | 0.00 |
| Literature - American | 0 | 3 | 0 | 0 | 30 | 85 | 108.67 | 0 | 1 | 0.00 | 0.00 |
| Fine Arts - Painting & Sculpture | 0 | 3 | 1 | 0 | 25 | 108 | 116.00 | 0 | 1 | 0.00 | 0.00 |
| Literature - European | 0 | 3 | 1 | 0 | 25 | 120 | 133.33 | 0 | 0 | 0.00 | 0.00 |
| History - World | 0 | 2 | 0 | 0 | 20 | 113 | 126.50 | 0 | 1 | 0.00 | 0.00 |
| Literature - World | 0 | 1 | 0 | 1 | 10 | 142 | 142.00 | 0 | 0 | 0.00 | 0.00 |
| Other Academic | 0 | 1 | 0 | 0 | 10 | 76 | 76.00 | 0 | 0 | 0.00 | 0.00 |
| Fine Arts - Other | 0 | 1 | 0 | 0 | 10 | 140 | 140.00 | 0 | 0 | 0.00 | 0.00 |
| Science - Physics | 0 | 1 | 0 | 0 | 10 | 136 | 136.00 | 0 | 0 | 0.00 | 0.00 |
| History - Other | 0 | 1 | 0 | 0 | 10 | 129 | 129.00 | 0 | 0 | 0.00 | 0.00 |